01250 a2200253 4500003000500000005001700005010001700022020001500039035002300054040000900077082001700086100002700103245004500130260006800175300003300243440003900276505031400315650002600629856009100655856009200746942001200838999001900850952012700869Nust20230819094830.0 a 2001273850 a0340719990 a(OCoLC)ocm41503862 cNust00a519.5522,JAN1 aJanacek, G. J.911419210aPractical time series /cGareth Janacek. aLondon :bArnold ;aNew York :bOxford University Press,c2001. axv, 156 p. :bill. ;c24 cm. 0aArnold texts in statistics9114193 aIntroduction (Page-1), Exponential Smoothing (Page-23), Stationary Series (Page-33), The State Space Approach (Page-53), Fitting ARIMA Models (Page-67), The Frequency Domain and Spectrum (Page-87), Estimation and Use of the Power Spectrum (Page-103), Two or More Series (Page-129), The R Langrage (Page-143).  0aTime-series analysis.413Publisher descriptionuhttp://www.loc.gov/catdir/enhancements/fy0611/2001273850-d.html413Table of contents onlyuhttp://www.loc.gov/catdir/enhancements/fy0611/2001273850-t.html 2ddccBK c181324d181324 00102ddc4070aMCSbMCScGENd2016-12-12o519.5521,JANpMCS28656r2016-12-08w2016-12-12yBKzAlmirah No. 14 Shelf No. 6